| 000 | 00353nam a22001217a 4500 | ||
|---|---|---|---|
| 008 | 230627b xxu||||| |||| 00| 0 eng d | ||
| 020 | _a9966996737 | ||
| 082 |
_a338.1 _bNYA 1998 |
||
| 245 | _aAgricultural Policy in Kenya:Reforms, Research Gaps and Options | ||
| 260 |
_aNairobi _bInstitute of Policy and Research _c1998 |
||
| 300 | _a22p | ||
| 942 |
_2ddc _cBK |
||
| 999 |
_c2914 _d2914 |
||